00817nam a2200181 a 450000500170000000800410001702000150005804100080007310000210008124501040010225001050020626000320031130000160034350001500035965300520050965300540056170000200061520240528104643.0101001s2005||||sp a f |||| 001 0 spa d a8445813137 aspa1 aRouviere, Henri. aAnatomía Humana. Descriptiva, topográfica y funcional. bT.1 Cabeza y cuello /cHenri Rouviere. a11a ed. en español bTraducción Victor Götzens García. Edición revisada por Vincent Delmas aBarcelona: bMasson;c2005. a653 p.bil. aRouviere, H. y Delmas, A. (2005). Anatomía Humana. Descriptiva, topográfica y funcional. T.1 Cabeza y cuello. (11a ed.). Barcelona : Masson. aAnatomía descriptiva de la cabeza y el cuello aAnatomía topográfica de la cabeza y el cuello1 aDelmas, André